<?xml version="1.0" encoding="UTF-8"?>
<record
    xmlns:xsi="http://www.w3.org/2001/XMLSchema-instance"
    xsi:schemaLocation="http://www.loc.gov/MARC21/slim http://www.loc.gov/standards/marcxml/schema/MARC21slim.xsd"
    xmlns="http://www.loc.gov/MARC21/slim">

  <leader>02463nam a2200289 a 4500</leader>
  <controlfield tag="001">000030973</controlfield>
  <controlfield tag="003">DO-SdBNP</controlfield>
  <controlfield tag="005">20240927073748.0</controlfield>
  <controlfield tag="008">100903t1996    dr ac         001 0 spa d</controlfield>
  <datafield tag="040" ind1=" " ind2=" ">
    <subfield code="a">DO-SdBNP</subfield>
    <subfield code="b">spa</subfield>
    <subfield code="c">BNPHU</subfield>
  </datafield>
  <datafield tag="049" ind1=" " ind2=" ">
    <subfield code="a">BNPD</subfield>
  </datafield>
  <datafield tag="082" ind1=" " ind2=" ">
    <subfield code="a">972.93053</subfield>
    <subfield code="b">R696t</subfield>
  </datafield>
  <datafield tag="100" ind1="1" ind2=" ">
    <subfield code="a">Rodr&#xED;guez Le&#xF3;n, Francisco</subfield>
    <subfield code="9">44445</subfield>
  </datafield>
  <datafield tag="245" ind1="1" ind2="0">
    <subfield code="a">Balaguer y Trujillo /</subfield>
    <subfield code="c">Francisco Rodr&#xED;guez Le&#xF3;n.</subfield>
  </datafield>
  <datafield tag="246" ind1="1" ind2="4">
    <subfield code="a">Balaguer y Trujillo:</subfield>
    <subfield code="b">entre la espada y la palabra</subfield>
  </datafield>
  <datafield tag="260" ind1=" " ind2=" ">
    <subfield code="a">Santo Domingo :</subfield>
    <subfield code="b">Artes &amp; Ediciones Caribe,</subfield>
    <subfield code="c">1996.</subfield>
  </datafield>
  <datafield tag="300" ind1=" " ind2=" ">
    <subfield code="a">648 p. :</subfield>
    <subfield code="b">il., retrs. ;</subfield>
    <subfield code="c">24 cm.</subfield>
  </datafield>
  <datafield tag="500" ind1=" " ind2=" ">
    <subfield code="a">Incluye datos biogr&#xE1;ficos del autor en la contracubierta.</subfield>
  </datafield>
  <datafield tag="500" ind1=" " ind2=" ">
    <subfield code="a">Incluye indice onom&#xE1;stico.</subfield>
  </datafield>
  <datafield tag="504" ind1=" " ind2=" ">
    <subfield code="a">Bibliograf&#xED;a : p. 706-718</subfield>
  </datafield>
  <datafield tag="505" ind1="0" ind2=" ">
    <subfield code="t">Pr&#xF3;logo --</subfield>
    <subfield code="t">Preludio --</subfield>
    <subfield code="t">Or&#xED;genes: el soldado --</subfield>
    <subfield code="t">Or&#xED;genes: el intelectual --</subfield>
    <subfield code="t">Antecedentes --</subfield>
    <subfield code="t">Primera d&#xE9;cada (1930-1939) :</subfield>
    <subfield code="t">Primer per&#xED;odo (1930-1934): escenario pol&#xED;tico --</subfield>
    <subfield code="t">Primer per&#xED;odo (1930-1934): la econom&#xED;a --</subfield>
    <subfield code="t">G&#xE9;nesis de un cortesano --</subfield>
    <subfield code="t">Segundo per&#xED;odo (1934-1938) --</subfield>
    <subfield code="t">Un holocausto tropical --</subfield>
    <subfield code="t">La presidencia de papel: Jacinto B. Peynado (1938-1940) --</subfield>
    <subfield code="t">Segunda d&#xE9;cada (1940-1949) :</subfield>
    <subfield code="t">La presidencia de cart&#xF3;n: Manuel de Js. Troncoso de La Concha (1940-1942) --</subfield>
    <subfield code="t">El retorno del b&#xE1;rbaro --</subfield>
    <subfield code="t">La dominicanizaci&#xF3;n de la frontera --</subfield>
    <subfield code="t">El exilio del cortesano (1940-1949) --</subfield>
    <subfield code="t">Tercera d&#xE9;cada (1950-1959) :</subfield>
    <subfield code="t">El regreso del cortesano --</subfield>
    <subfield code="t">El Anselmato (1950-1954) --</subfield>
    <subfield code="t">Apoteosis: la feria de las ilusiones --</subfield>
    <subfield code="t">El delf&#xED;n y el cortesano --</subfield>
    <subfield code="t">La vicepresidencia del cortesano --</subfield>
    <subfield code="t">As&#xED; habl&#xF3; el cortesano --</subfield>
    <subfield code="t">Desenlace (1960-1962) :</subfield>
    <subfield code="t">Vor&#xE1;gine: la rebeli&#xF3;n de un pa&#xED;s --</subfield>
    <subfield code="t">V&#xE9;rtigo: la presidencia del cortesano --</subfield>
    <subfield code="t">Soliloquio (I) --</subfield>
    <subfield code="t">El cortesano y el "30 de mayo" --</subfield>
    <subfield code="t">Funerales de Estado</subfield>
    <subfield code="t">Los nuevos tiempos --</subfield>
    <subfield code="t">Malicia en el pa&#xED;s de las maravillas --</subfield>
    <subfield code="t">Las cortinas del palacio no son de terciopelo azul --</subfield>
    <subfield code="t">La insurrecci&#xF3;n de Santiago --</subfield>
    <subfield code="t">El cortesano y el asesinato de los h&#xE9;roes del "30 de mayo" --</subfield>
    <subfield code="t">La silla de alfileres --</subfield>
    <subfield code="t">Interregno --</subfield>
    <subfield code="t">Un consejo para el cortesano --</subfield>
    <subfield code="t">Reflexiones --</subfield>
    <subfield code="t">Soliloquio (II) --</subfield>
    <subfield code="t">Exhortaci&#xF3;n --</subfield>
    <subfield code="t">Coda --</subfield>
    <subfield code="t">Anexo--</subfield>
    <subfield code="t">Bibliograf&#xED;a --</subfield>
    <subfield code="t">Indice onom&#xE1;stico --</subfield>
    <subfield code="t">Documentos.</subfield>
  </datafield>
  <datafield tag="600" ind1="1" ind2="0">
    <subfield code="a"> Balaguer, Joaqu&#xED;n,</subfield>
    <subfield code="d">1906-2002</subfield>
    <subfield code="9">76556</subfield>
  </datafield>
  <datafield tag="600" ind1="1" ind2="0">
    <subfield code="a">Trujillo Molina, Rafael Le&#xF3;nidas,</subfield>
    <subfield code="d"> 1891-1961</subfield>
    <subfield code="9">76764</subfield>
  </datafield>
  <datafield tag="651" ind1="1" ind2="4">
    <subfield code="a">Rep&#xFA;blica Dominicana</subfield>
    <subfield code="x">Pol&#xED;tica y gobierno</subfield>
    <subfield code="y">Era de Trujillo, 1930-1961</subfield>
    <subfield code="9">1374</subfield>
  </datafield>
  <datafield tag="910" ind1=" " ind2=" ">
    <subfield code="a">Validado. Control de calidad EMS.</subfield>
  </datafield>
  <datafield tag="942" ind1=" " ind2=" ">
    <subfield code="2">ddc</subfield>
    <subfield code="c">LBS1</subfield>
  </datafield>
  <datafield tag="952" ind1=" " ind2=" ">
    <subfield code="0">0</subfield>
    <subfield code="1">0</subfield>
    <subfield code="7">1</subfield>
    <subfield code="8">PD</subfield>
    <subfield code="a">PD</subfield>
    <subfield code="b">PD</subfield>
    <subfield code="c">HD</subfield>
    <subfield code="d">2011-06-08</subfield>
    <subfield code="i">LF1</subfield>
    <subfield code="l">0</subfield>
    <subfield code="o">972.93053 R696t</subfield>
    <subfield code="p">30973-10</subfield>
    <subfield code="r">2020-06-25</subfield>
    <subfield code="w">2020-06-25</subfield>
    <subfield code="y">LFPD</subfield>
    <subfield code="z">Perteneci&#xF3; a la biblioteca personal de Germ&#xE1;n Emilio Ornes.</subfield>
    <subfield code="Z">No se presta</subfield>
  </datafield>
  <datafield tag="952" ind1=" " ind2=" ">
    <subfield code="0">0</subfield>
    <subfield code="1">0</subfield>
    <subfield code="7">1</subfield>
    <subfield code="8">PD</subfield>
    <subfield code="a">PD</subfield>
    <subfield code="b">PD</subfield>
    <subfield code="c">HD</subfield>
    <subfield code="d">2015-06-23</subfield>
    <subfield code="i">LF1</subfield>
    <subfield code="l">0</subfield>
    <subfield code="o">972.93053 R696t</subfield>
    <subfield code="p">30973-20</subfield>
    <subfield code="r">2020-06-25</subfield>
    <subfield code="t">e. 2</subfield>
    <subfield code="w">2020-06-25</subfield>
    <subfield code="y">LFPD</subfield>
    <subfield code="z">Perteneci&#xF3; a la biblioteca personal de Chiqui Vicioso / Fidelio Despradel.</subfield>
    <subfield code="Z">No se presta</subfield>
  </datafield>
  <datafield tag="999" ind1=" " ind2=" ">
    <subfield code="c">30465</subfield>
    <subfield code="d">30465</subfield>
  </datafield>
</record>
